[Event "OHRA-B"]
[Site "Amsterdam"]
[Date "1984.??.??"]
[Round "2"]
[White "Sunye Neto, Jaime"]
[Black "Pliester, Leon"]
[Result "1/2-1/2"]
[WhiteElo "2485"]
[BlackElo "2335"]

1.c4 Nf6 2.Nf3 c5 3.Nc3 d5 4.cxd5 Nxd5 5.e3 Nxc3 6.bxc3 g6 7.Qa4+ Nd7 8.h4 h5
9.Ba3 Qc7 10.Qb3 Bg7 11.d4 O-O 12.Ng5 b5 13.Rc1 Rb8 14.Ne4 c4 15.Qb1 Bb7
16.Be2 Nf6 17.Bf3 Rfe8 18.O-O Bxe4 19.Bxe4 Ng4 20.g3 b4 21.cxb4 Nxe3 22.Rfe1 Bxd4
23.Bxg6 Ng4 24.Kg2 Qb7+ 25.f3 Ne3+ 26.Rxe3 Bxe3 27.Bxf7+ Kxf7 28.Qf5+ Kg8
29.Qe6+ Kf8 30.Qxe3 Qd5 31.Bb2 Rb6 32.Qf4+ Qf7 33.Rxc4 e5 34.Qe4 Rd6 35.Bc1 Qg6
36.Qxg6 Rxg6 37.a4 Rd6 38.Be3 Rd7 39.b5 Kf7 40.g4 Rg8 41.g5 Ke6 42.Rc6+ Kd5
43.Ra6 e4 44.fxe4+ Kxe4 45.Rxa7 Rd3 46.Re7+ Kf5 47.Kf3 Ra3 48.Rf7+ Kg6 49.Rf6+ Kg7
50.Rf4 Ra8 51.Rd4 Rf8+  1/2-1/2

[Event "Bayamo"]
[Site "Bayamo"]
[Date "1984.??.??"]
[Round "?"]
[White "Mateo, Ramon"]
[Black "Lebredo, Gerardo"]
[Result "1/2-1/2"]
[WhiteElo "2410"]
[BlackElo "2375"]

1.c4 c5 2.Nf3 Nf6 3.Nc3 b6 4.e4 d6 5.d4 cxd4 6.Nxd4 Bb7 7.Qe2 e6 8.g4 Nc6
9.Nxc6 Bxc6 10.Bg2 Be7 11.O-O Nd7 12.Rd1 O-O 13.Nb5 Bxb5 14.cxb5 e5 15.b4 Re8
16.Bb2 Rc8 17.Rac1 Rxc1 18.Rxc1 Nf8 19.Qc4 Bh4 20.Qc7 Qg5 21.Qxd6 Qxg4 22.Qd1 Qf4
23.Qf3 Qd2 24.Rc7 Re7 25.Rxe7 Bxe7 26.Qc3 Qxc3 27.Bxc3 Bd6 28.Kf1 Ne6 29.h3 Kf8
30.Ke1 g6 31.Kd2 Nf4 32.Bf1 f5 33.exf5 gxf5 34.Kc2 Ke7 35.a4 Nd5 36.Kb3 Nxc3
37.Kxc3 e4 38.a5 Ke6 39.a6 Ke5 40.Kc4 Bf8 41.Be2 Bh6 42.f3 exf3  1/2-1/2

[Event "Bayamo"]
[Site "Bayamo"]
[Date "1984.??.??"]
[Round "?"]
[White "Vilela, Jose Luis"]
[Black "Rodriguez, Amador"]
[Result "1/2-1/2"]
[WhiteElo "2450"]
[BlackElo "2445"]

1.c4 Nf6 2.Nc3 c5 3.Nf3 e6 4.g3 d5 5.cxd5 Nxd5 6.Bg2 Nc6 7.O-O Be7 8.d4 O-O
9.Nxd5 exd5 10.dxc5 Bxc5 11.a3 Bf5 12.b4 Bb6 13.Bb2 Be4 14.Rc1 Qe7 15.Qd2 Rfe8
16.Rfd1 Rad8 17.e3 d4 18.Nxd4 Bxg2 19.Kxg2 Qe4+ 20.f3 Qxe3 21.Qxe3 Rxe3 22.Nxc6  1/2-1/2

[Event "Beersheba"]
[Site "Beersheba"]
[Date "1984.??.??"]
[Round "2"]
[White "Greenfeld, Alon"]
[Black "Pasman, Michael"]
[Result "0-1"]
[WhiteElo "2470"]
[BlackElo "2335"]

1.Nf3 Nf6 2.c4 c5 3.Nc3 e6 4.g3 b6 5.Bg2 Bb7 6.O-O Be7 7.d4 cxd4 8.Qxd4 d6
9.Bg5 a6 10.Bxf6 Bxf6 11.Qd3 Ra7 12.Rad1 Be7 13.Nd4 Bxg2 14.Kxg2 Qc8 15.f4 g6
16.b3 O-O 17.h4 b5 18.cxb5 Rc7 19.Rf3 e5 20.Nd5 Qb7 21.b6 Qxd5 22.bxc7 e4
23.cxb8=Q Rxb8 24.Qxa6 exf3+ 25.exf3 Bf6 26.Qc6 Qa5 27.Qxd6 Rb6 28.Nc6 Qc3
29.Re1 Qxe1 30.Qxf6 Qd2+ 31.Kg1 Qc1+ 32.Kh2 Qc2+ 33.Kh3 Qxc6 34.Qd8+ Kg7
35.h5 Qe6+ 36.g4 gxh5  0-1

[Event "Belgrade"]
[Site "Belgrade"]
[Date "1984.??.??"]
[Round "?"]
[White "Plachetka, Jan"]
[Black "Farago, Ivan"]
[Result "1-0"]
[WhiteElo "2440"]
[BlackElo "2525"]

1.Nf3 Nf6 2.c4 c5 3.Nc3 d5 4.cxd5 Nxd5 5.e4 Nb4 6.Bb5+ N8c6 7.d4 cxd4 8.a3 Bd7
9.axb4 dxc3 10.Qb3 Qb6 11.Bc4 cxb2 12.Bxf7+ Kd8 13.Bxb2 Qxb4+ 14.Qxb4 Nxb4
15.O-O e6 16.Rfd1 Ke7 17.Ba3 Kxf7 18.Rxd7+ Ke8 19.Rxb7 Nc6 20.Bxf8 Rxf8 21.Ng5 Nd4
22.Ra4 Ne2+ 23.Kf1 Nf4 24.g3 h6 25.gxf4 hxg5 26.fxg5 Rf7 27.Rxf7 Kxf7 28.Ra5 a6
29.Kg2 Kg6 30.Kg3 Kh5 31.f3 e5 32.h4 Ra7 33.Rxe5 a5 34.Rc5 a4 35.Rc2 a3 36.Ra2 Ra4
37.Kf4 Ra6 38.e5 g6 39.Kg3 Ra4 40.e6 Re4 41.Rc2  1-0

[Event "Belgrade"]
[Site "Belgrade"]
[Date "1984.??.??"]
[Round "?"]
[White "Damljanovic, Branko"]
[Black "Plachetka, Jan"]
[Result "1/2-1/2"]
[WhiteElo "2400"]
[BlackElo "2440"]

1.Nf3 c5 2.c4 Nf6 3.Nc3 e6 4.g3 b6 5.Bg2 Bb7 6.O-O Be7 7.b3 d6 8.Bb2 a6 9.e3 O-O
10.d4 cxd4 11.Nxd4 Qc7 12.Bxb7 Qxb7 13.Qf3 Qxf3 14.Nxf3 Nbd7 15.Rfd1 Rfc8  1/2-1/2

[Event "Berlin op"]
[Site "Berlin-West"]
[Date "1984.??.??"]
[Round "5"]
[White "Ftacnik, Lubomir"]
[Black "Sorensen, Torben"]
[Result "1-0"]
[WhiteElo "2595"]
[BlackElo "2200"]

1.Nf3 Nf6 2.c4 c5 3.Nc3 e6 4.g3 b6 5.Bg2 Bb7 6.O-O a6 7.b3 d6 8.Re1 Nbd7
9.Bb2 Be7 10.a4 O-O 11.e4 Qc7 12.d4 cxd4 13.Nxd4 Rfe8 14.Kh1 Bf8 15.f4 e5
16.Nf5 g6 17.fxe5 Nxe5 18.Ne3 Rad8 19.Rf1 Bg7 20.Rxf6  1-0

[Event "Berlin op"]
[Site "Berlin-West"]
[Date "1984.??.??"]
[Round "9"]
[White "Murrey, Jacob"]
[Black "Schandorff, Lars"]
[Result "1-0"]
[WhiteElo "2420"]
[BlackElo "2275"]

1.c4 Nf6 2.Nc3 c5 3.Nf3 e6 4.d4 cxd4 5.Nxd4 Nc6 6.Bf4 d5 7.e3 Bb4 8.Nxc6 bxc6
9.Qa4 Qb6 10.Bd3 O-O 11.O-O Be7 12.Qc2 h6 13.e4 dxe4 14.Nxe4 c5 15.Rad1 Bb7
16.Ng3 Rad8 17.Qc1 Qc6 18.f3 Rd4 19.Bxh6 Rfd8 20.Qg5 Rg4 21.Be4 Rxd1 22.fxg4 Rxf1+
23.Kxf1 Nh5 24.Nxh5  1-0

[Event "Bor"]
[Site "Bor"]
[Date "1984.??.??"]
[Round "?"]
[White "Ivkov, Borislav"]
[Black "Ilic, Zoran"]
[Result "1-0"]
[WhiteElo "2475"]
[BlackElo "2440"]

1.Nf3 c5 2.c4 Nf6 3.Nc3 b6 4.g3 Bb7 5.Bg2 g6 6.b3 Bg7 7.Bb2 O-O 8.O-O Na6
9.d4 Ne4 10.Qc1 e6 11.Rd1 Qe7 12.Nxe4 Bxe4 13.dxc5 Nxc5 14.Bxg7 Kxg7 15.b4 Na6
16.Ne5 Bxg2 17.Rxd7 Qf6 18.Ng4 Qf5 19.Ne3 Qe4 20.Qc3+ Kg8 21.f3 Bxf3 22.exf3 Qxf3
23.Rf1 Qe4 24.Rd4 Qe5 25.Ng4 Qg7 26.Nf6+ Kh8 27.Rh4 h6 28.g4 g5 29.Rh5 Rad8
30.Qh3  1-0

[Event "BCF-ch"]
[Site "Brighton"]
[Date "1984.??.??"]
[Round "2"]
[White "Strauss, David J"]
[Black "Short, Nigel D"]
[Result "1-0"]
[WhiteElo "2425"]
[BlackElo "2510"]

1.Nf3 Nf6 2.c4 c5 3.Nc3 e6 4.g3 b6 5.Bg2 Bb7 6.O-O Be7 7.Re1 a6 8.e4 d6 9.d4 cxd4
10.Nxd4 Qc7 11.Be3 O-O 12.Rc1 Nbd7 13.f4 Rfe8 14.Bf2 g6 15.e5 dxe5 16.fxe5 Nh5
17.Nd5 exd5 18.cxd5 Bc5 19.b4 Rxe5 20.bxc5 bxc5 21.Nc6 Rxe1+ 22.Bxe1 Qd6
23.Qb3 Bc8 24.Qe3 Ng7 25.g4 Bb7 26.Bg3 Qf8 27.Qb3 Bc8 28.Re1 Kh8 29.Qc3 Bb7
30.Qb2 Bc8 31.h3 a5 32.Re7 Ra6 33.Bd6 Qg8 34.Bc7 Qf8 35.d6 f6 36.Qe2 Rxc6
37.Bxc6 Ne5 38.Rxe5 fxe5 39.Qxe5 Qf7 40.Bxa5 Qxa2 41.Bc3  1-0

[Event "BCF-ch"]
[Site "Brighton"]
[Date "1984.??.??"]
[Round "10"]
[White "Plaskett, Jim"]
[Black "Short, Nigel D"]
[Result "0-1"]
[WhiteElo "2470"]
[BlackElo "2510"]

1.c4 c5 2.Nf3 Nf6 3.Nc3 e6 4.g3 b6 5.Bg2 Bb7 6.O-O Be7 7.b3 O-O 8.Bb2 a6
9.e3 Ra7 10.Qe2 d5 11.cxd5 Nxd5 12.Rfd1 Nxc3 13.Bxc3 Nd7 14.Rac1 Qa8 15.d4 a5
16.dxc5 Nxc5 17.Ne1 Rc8 18.Bd4 Bxg2 19.Nxg2 Rac7 20.Nf4 Nd7 21.Rxc7 Rxc7
22.Bb2 Qc8 23.Qb5 Rc6 24.Nh5 g6 25.Nf4 Bf6 26.Bxf6 Nxf6 27.Kg2 Qb7 28.Kg1 Rc2
29.Qd3 Rxa2 30.Qd4 Qf3 31.e4 e5 32.Qd8+ Kg7 33.Ne6+ fxe6 34.Qe7+ Kh6 35.Rf1 Nxe4
36.Qh4+ Kg7  0-1

[Event "Alfoldi mem (Women)"]
[Site "Budapest"]
[Date "1984.??.??"]
[Round "?"]
[White "Levitina, Irina S"]
[Black "Csonkics, Tunde"]
[Result "1/2-1/2"]
[WhiteElo "2245"]
[BlackElo "2085"]

1.Nf3 c5 2.c4 Nf6 3.Nc3 e6 4.d4 cxd4 5.Nxd4 Bb4 6.Nb5 O-O 7.a3 Bxc3+ 8.Nxc3 d5
9.e3 dxc4 10.Qxd8 Rxd8 11.Bxc4  1/2-1/2

[Event "Midwest Masters-B"]
[Site "Chicago"]
[Date "1984.??.??"]
[Round "2"]
[White "Lindsay, Fred"]
[Black "Ellis, James"]
[Result "1-0"]
[WhiteElo "2310"]
[BlackElo "2225"]

1.Nf3 c5 2.c4 Nf6 3.Nc3 e6 4.g3 b6 5.Bg2 Bb7 6.O-O Be7 7.b3 a6 8.Bb2 d6 9.d4 cxd4
10.Qxd4 Nbd7 11.Rfd1 O-O 12.Ne1 Qb8 13.Ne4 Rd8 14.Rab1 Nc5 15.Nxf6+ Bxf6
16.Qg4 Bxb2 17.Rxb2 b5 18.Rbd2 f5 19.Qd4 Bxg2 20.Kxg2 Ne4 21.Rc2 d5 22.f3 e5
23.Qd3 Nc5 24.Qxf5 Rf8 25.Qg4 bxc4 26.Rxd5 cxb3 27.Rcxc5 b2 28.Rd7 Rf7 29.Qe6 Qe8
30.Qxe8+ Rxe8 31.Rd1 e4 32.fxe4 Rd7 33.Nd3 Rxe4 34.Rc8+  1-0

[Event "Midwest Masters-B"]
[Site "Chicago"]
[Date "1984.??.??"]
[Round "2"]
[White "Bereolos, P."]
[Black "Moore, T."]
[Result "1-0"]
[WhiteElo "2145"]
[BlackElo "2345"]

1.Nf3 Nf6 2.c4 c5 3.Nc3 e6 4.d4 d5 5.cxd5 exd5 6.Bg5 Be7 7.dxc5 Be6 8.Qa4+ Nc6
9.Rd1 O-O 10.e4 Qe8 11.Be2 Nxe4 12.Nxe4 dxe4 13.Qxe4 Bxc5 14.b3 Nb4 15.Rd2 f5
16.Qe5 b6 17.O-O h6 18.Bb5 Qg6 19.Nh4 Qxg5 20.Qxe6+ Kh7 21.Nf3 Qe7 22.Qxe7 Bxe7
23.a3 a6 24.Bd7  1-0

[Event "CUB-ch"]
[Site "CUB"]
[Date "1984.??.??"]
[Round "5"]
[White "Garcia Martinez, Silvino"]
[Black "Rodriguez, Amador"]
[Result "1/2-1/2"]
[WhiteElo "2450"]
[BlackElo "2445"]

1.Nf3 Nf6 2.c4 g6 3.Nc3 c5 4.g3 Bg7 5.Bg2 O-O 6.O-O Nc6 7.e3 d6 8.d4 Bf5
9.b3 Ne4 10.Nxe4 Bxe4 11.Bb2 cxd4 12.Nxd4 Bxg2 13.Kxg2 Nxd4 14.Bxd4 Bxd4
15.Qxd4  1/2-1/2

[Event "CUB-ch"]
[Site "CUB"]
[Date "1984.??.??"]
[Round "6"]
[White "Vilela, Jose Luis"]
[Black "Rodriguez, Amador"]
[Result "1/2-1/2"]
[WhiteElo "2450"]
[BlackElo "2445"]

1.Nf3 Nf6 2.c4 e6 3.Nc3 c5 4.e3 d5 5.d4 a6 6.cxd5 exd5 7.Be2 Nc6 8.O-O Bd6
9.dxc5 Bxc5 10.a3 O-O 11.b4 Ba7 12.Bb2 Bg4 13.Na4 Ne4 14.Nd2 Nxd2 15.Qxd2 Bxe2
16.Qxe2 d4 17.exd4 Nxd4 18.Bxd4 Qxd4 19.Rad1 Qf6 20.Qe4 b5 21.Nc5 Rfe8 22.Qb7 Bxc5
23.bxc5 Rab8 24.Qa7 Ra8 25.Qb7 Rab8 26.Qa7 Ra8  1/2-1/2

[Event "Dresden"]
[Site "Dresden"]
[Date "1984.??.??"]
[Round "1"]
[White "Kubien, Jerzy"]
[Black "Roesler, Matthias"]
[Result "1/2-1/2"]
[WhiteElo "2340"]
[BlackElo "2200"]

1.Nf3 c5 2.c4 Nf6 3.Nc3 d5 4.cxd5 Nxd5 5.g3 Nc6 6.Bg2 g6 7.O-O Bg7 8.Qa4 Nxc3
9.bxc3 Bd7 10.Qc4 b6 11.d4 cxd4 12.cxd4 O-O 13.Bg5 Rc8 14.Qa6 h6 15.Be3 Nb4
16.Qa3 Nc2 17.Qxa7 Nxa1 18.Rxa1 Bc6 19.Qa3 Bd5 20.Qb2 Be4 21.Ne5 Bxg2 22.Kxg2 Qd5+
23.Kg1 b5 24.Rb1 Rb8 25.a3 Rfc8 26.Qb3 Qxb3 27.Rxb3 Rb7 28.Kg2 Rc2 29.Kf3 e6
30.h4 Ra2 31.Nd3 Rd7 32.Rxb5 Bxd4 33.Bxh6 Rxa3 34.h5 Bg7 35.Be3 gxh5 36.Rxh5 Rd5
37.Rh4 Rf5+ 38.Kg2 Ra2 39.Rg4 Kh7 40.Rh4+ Kg8 41.Rg4 Rf6 42.Nf4 Ra4 43.Rg5 Rh6
44.Nh5 Rg6 45.Rc5 Bd4 46.Rc8+ Kh7 47.Nf4 Rf6 48.Bxd4 Rxd4 49.Rc5 Rd2 50.Ra5 Rh6
51.e3 Kg7 52.Rb5 Kf6 53.Nh5+ Ke7 54.Nf4 Rh8 55.Nh3 Rxh3 56.Kxh3 Rxf2 57.e4 Re2
58.e5 Re4 59.g4 Rd4 60.Rb7+ Kf8 61.Kh4 Rd5 62.Kg5 Kg7 63.Kf4 Kg6 64.Rb8 Rd1
65.Rg8+ Kh7 66.Ra8 Kg7 67.Rb8  1/2-1/2

[Event "DDR-ch 33th"]
[Site "Eilenburg"]
[Date "1984.??.??"]
[Round "2"]
[White "Gruenberg, Hans Ulrich"]
[Black "Goldberg, Alexander"]
[Result "1-0"]
[WhiteElo "2440"]
[BlackElo "2320"]

1.Nf3 Nf6 2.c4 c5 3.Nc3 e6 4.g3 b6 5.Bg2 Bb7 6.O-O Be7 7.d4 cxd4 8.Qxd4 d6
9.b3 Nbd7 10.Ba3 Nc5 11.Rad1 O-O 12.Qe3 Qb8 13.Nd4 Rc8 14.Bxb7 Qxb7 15.Qf3 Qxf3
16.Nxf3 a6 17.Bxc5 bxc5 18.Rd3 Ne8 19.e4 Bf6 20.Na4 Rab8 21.Re1 e5 22.Nd2 Rd8
23.Rd1 Nc7 24.Nf1 Be7 25.Ne3 Kf8 26.Nf5 Ne8 27.Kg2 g6 28.Nxe7 Kxe7 29.f4 f6
30.Nc3 Nc7 31.Rf1 Rf8 32.Rdf3 Rbd8 33.R1f2 exf4 34.Rxf4 Rf7 35.g4 Rdf8 36.Kg3 Ke6
37.R4f3 Ke5 38.Rd2 Ke6 39.Rd1 f5 40.exf5+ gxf5 41.Nd5 Nxd5 42.cxd5+ Ke7 43.Re1+ Kd8
44.Ref1 Re8 45.Rxf5 Re3+ 46.R5f3 Rfxf3+ 47.Rxf3 Re2 48.Rf7 Rxa2 49.Rxh7 Ra3
50.Kf4 Rxb3 51.g5 Rb1 52.g6 Rg1 53.Kf5 c4 54.g7 Ke8 55.Kf6 Rf1+ 56.Ke6 Re1+
57.Kxd6 Kf7 58.Rh4 c3 59.Rc4 Rd1 60.Rxc3 Kxg7 61.Ke6 Re1+ 62.Kd7  1-0

[Event "DDR-ch 33th"]
[Site "Eilenburg"]
[Date "1984.??.??"]
[Round "8"]
[White "Espig, Lutz"]
[Black "Goldberg, Alexander"]
[Result "1/2-1/2"]
[WhiteElo "2420"]
[BlackElo "2320"]

1.Nf3 Nf6 2.c4 c5 3.Nc3 e6 4.g3 b6 5.Bg2 Bb7 6.O-O Be7 7.e3 O-O 8.b3 d6 9.Bb2 Nbd7
10.d4 cxd4 11.exd4 Ne4 12.Nxe4 Bxe4 13.d5 Bxf3 14.Qxf3 e5 15.Bh3  1/2-1/2

[Event "DDR-ch 33th"]
[Site "Eilenburg"]
[Date "1984.??.??"]
[Round "10"]
[White "Espig, Lutz"]
[Black "Gruenberg, Hans Ulrich"]
[Result "1-0"]
[WhiteElo "2420"]
[BlackElo "2440"]

1.Nf3 Nf6 2.c4 c5 3.Nc3 e6 4.g3 d5 5.cxd5 exd5 6.d4 Nc6 7.Bg2 Be7 8.O-O O-O
9.Be3 c4 10.Ne5 Be6 11.Nxc4 dxc4 12.d5 Nxd5 13.Nxd5 Rc8 14.Qd2 Bf6 15.Nxf6+ Qxf6
16.Bg5 Qg6 17.Rfd1 h6 18.Bf4 b5 19.Qe3 Qf6 20.Qc5 Bg4 21.Rac1 Rfd8 22.Rxd8+ Nxd8
23.Qxb5 Bxe2 24.Qe8+  1-0

[Event "Troll Masters"]
[Site "Gausdal"]
[Date "1984.??.??"]
[Round "3"]
[White "Tiller, Bjorn"]
[Black "Rajkovic, Dusan"]
[Result "0-1"]
[WhiteElo "2425"]
[BlackElo "2440"]

1.c4 Nf6 2.Nf3 c5 3.Nc3 b6 4.d4 cxd4 5.Nxd4 Bb7 6.f3 d6 7.e4 Nbd7 8.Be2 a6
9.Be3 e6 10.O-O Be7 11.a4 O-O 12.a5 Qc7 13.Nb3 d5 14.cxd5 exd5 15.axb6 Nxb6
16.e5 Nfd7 17.f4 Nc4 18.Bxc4 dxc4 19.Na5 Rfd8 20.Nd5 Bxd5 21.Qxd5 Rac8 22.Rfc1 Nb6
23.Qe4 Bc5 24.f5 Rd2 25.Nb3 Bxe3+ 26.Qxe3 Rxb2 27.Nd4 Nd5 28.Qe4 Qc5 29.Kh1 Nb4
30.e6 Qe7 31.exf7+ Qxf7 32.Ne6 Qf6 33.Rxc4 Rc2 34.Rxc8+ Rxc8 35.Rd1 Nc6 36.h3 Ne7
37.Qb7 a5 38.g4 h5 39.Nf4 Qc3 40.Qxe7 Qf3+ 41.Ng2 Qxd1+ 42.Kh2 Qd5  0-1

[Event "Graz"]
[Site "Graz"]
[Date "1984.??.??"]
[Round "?"]
[White "Wirthensohn, Heinz"]
[Black "Unzicker, Wolfgang"]
[Result "1/2-1/2"]
[WhiteElo "2405"]
[BlackElo "2470"]

1.c4 Nf6 2.Nc3 c5 3.Nf3 e6 4.e3 Nc6 5.d4 d5 6.cxd5 exd5 7.Bb5 a6 8.Bxc6+ bxc6
9.O-O Be7 10.Qa4 Bb7 11.dxc5 Bxc5 12.e4 O-O 13.Bg5 h6 14.Bh4 Be7 15.Rad1 Re8
16.Rfe1 Qc8 17.exd5 cxd5 18.Qb3 Bc6 19.Ne5 Rb8 20.Qc2 Ba8 21.Nf3 Ne4 22.Bxe7 Rxe7
23.Nd4 Reb7 24.Na4 Rc7 25.Qd3 Bb7 26.Qe3 Qf8 27.Qf4 Rcc8 28.h3 Kh8 29.f3 Nf6
30.Kh1 Bc6  1/2-1/2

[Event "Hamburg op"]
[Site "Hamburg"]
[Date "1984.??.??"]
[Round "5"]
[White "Hottes, Dieter"]
[Black "Horvath, Tamas"]
[Result "0-1"]
[WhiteElo "2260"]
[BlackElo "2415"]

1.Nf3 c5 2.c4 Nf6 3.Nc3 b6 4.g3 Bb7 5.Bg2 g6 6.O-O Bg7 7.d4 cxd4 8.Qxd4 Nc6
9.Qh4 h6 10.Nd5 Rc8 11.Nd2 Na5 12.Ne3 Bxg2 13.Kxg2 O-O 14.Rb1 d5 15.cxd5 Nxd5
16.Nxd5 Qxd5+ 17.Nf3 g5 18.Qh5 Qe4  0-1

[Event "Hamburg op"]
[Site "Hamburg"]
[Date "1984.??.??"]
[Round "10"]
[White "Bergstrom, Christer"]
[Black "Lau, Ralf"]
[Result "1-0"]
[WhiteElo "2395"]
[BlackElo "2400"]

1.c4 Nf6 2.Nc3 c5 3.Nf3 e6 4.g3 d5 5.cxd5 Nxd5 6.Bg2 Nc6 7.O-O Be7 8.Nxd5 exd5
9.d4 O-O 10.dxc5 Bxc5 11.Qc2 Bb6 12.Ng5 g6 13.Qd2 d4 14.Ne4 f6 15.b3 Qe7
16.a4 a5 17.Ba3 Nb4 18.Qd3 Ra6 19.Bxb4 Qxb4 20.Rac1 Be6 21.Nd2 Bd8 22.Rfd1 Be7
23.Rc7 Rb8 24.Rdc1 Bd6 25.R7c2 Rd8 26.Qf3 f5 27.Qxb7 Qxb7 28.Bxb7 Ra7 29.Bc6 Bb4
30.Bb5 Bc3 31.Bc4 Bxc4 32.Nxc4 Rb7 33.e3 Bb4 34.exd4 Rxd4 35.Ne5 Bd6 36.Rc8+ Kg7
37.Nc6 Rd5 38.Rc3 Rc7 39.Rd8 Rd2 40.Rc4 Bb4 41.Ra8 Rb2 42.Nxa5 Bc5 43.Rf4 Re7
44.Rc8 Bb6 45.Nc4 Rxb3 46.Rc6 Bc7 47.Nd6 Bxd6 48.Rxd6 Rb2 49.Ra6 Ra2 50.h4 h5
51.Rd4 Re1+ 52.Kg2 Re7 53.Rdd6 Kh7 54.a5 Rc7 55.Kf1 Rc1+ 56.Kg2 Rc7 57.Kf3 f4
58.gxf4 Ra3+ 59.Kg2 Rf7 60.f5 gxf5 61.Rh6+ Kg7 62.Rhg6+ Kh7 63.Rh6+ Kg7 64.Rxh5 Ra4
65.Rg5+ Kh7 66.Kg3 Rg4+ 67.Rxg4 fxg4 68.Rb6 Rf3+ 69.Kxg4 Rxf2 70.a6 Kg7 71.Kg5 Ra2
72.Kf5 Re2 73.Rb7+ Kh6 74.a7 Ra2 75.Ke6 Ra6+ 76.Kd7 Kh5 77.Kc7  1-0

[Event "Hamburg op"]
[Site "Hamburg"]
[Date "1984.??.??"]
[Round "11"]
[White "Kuligowski, Adam"]
[Black "Gheorghiu, Florin"]
[Result "1/2-1/2"]
[WhiteElo "2415"]
[BlackElo "2505"]

1.Nf3 c5 2.c4 Nf6 3.Nc3 e6 4.e3 d5 5.d4 dxc4 6.Bxc4 a6 7.a4 Nc6 8.O-O Be7
9.Qe2 cxd4 10.Rd1 e5  1/2-1/2

[Event "HUN-ch"]
[Site "HUN"]
[Date "1984.??.??"]
[Round "10"]
[White "Horvath, Tamas"]
[Black "Schneider, Attila"]
[Result "1/2-1/2"]
[WhiteElo "2440"]
[BlackElo "2415"]

1.c4 Nf6 2.Nf3 c5 3.Nc3 e6 4.g3 b6 5.Bg2 Bb7 6.O-O Be7 7.d4 cxd4 8.Qxd4 d6
9.Rd1 a6 10.Ng5 Bxg2 11.Kxg2 Nc6 12.Qf4 Ra7 13.Nge4 Rd7 14.Be3 Ne5 15.Nxf6+ Bxf6
16.Na4 Qa8+ 17.f3 Qc6 18.Nxb6 Rb7 19.c5 dxc5 20.Nc4 Nxc4 21.Qxc4 Bxb2 22.Rab1 O-O
23.Qxc5 Qa4 24.Rd3 Rb5 25.Qc6 Bf6 26.Rxb5  1/2-1/2

[Event "HUN-ch"]
[Site "HUN"]
[Date "1984.??.??"]
[Round "10"]
[White "Pinter, Jozsef"]
[Black "Utasi, Tamas"]
[Result "1/2-1/2"]
[WhiteElo "2515"]
[BlackElo "2350"]

1.Nf3 c5 2.c4 Nf6 3.Nc3 e6 4.e3 Nc6 5.d4 d5 6.cxd5 exd5 7.Be2 cxd4 8.Nxd4 Bd6
9.O-O O-O 10.Bf3 Re8 11.Ndb5 Be6 12.Nxd6 Qxd6 13.Nb5 Qe5 14.Bd2 Ne4 15.Be1 Rad8
16.Nd4 Nxd4 17.exd4 Qg5 18.Rc1 Rc8 19.Bb4 b6 20.Bc3 h6 21.Re1 Bd7 22.Qd3 Nxc3
23.bxc3 Bg4 24.h4 Qh5 25.Bxg4 Qxg4 26.Qb5 Re6 27.Rxe6 Qxe6 28.a4 Qc6 29.h5 Qe6
30.a5 bxa5 31.Qxa5 Qf5 32.Qxa7 Re8 33.Qa6 Qxh5 34.Qd3  1/2-1/2

[Event "HUN-ch"]
[Site "HUN"]
[Date "1984.??.??"]
[Round "11"]
[White "Csom, Istvan"]
[Black "Horvath, Tamas"]
[Result "1/2-1/2"]
[WhiteElo "2505"]
[BlackElo "2440"]

1.Nf3 c5 2.c4 Nf6 3.Nc3 b6 4.d4 cxd4 5.Nxd4 Bb7 6.f3 Nc6 7.e4 Qb8 8.Be3 e6
9.Qd2 Bd6 10.Ndb5 Be5 11.f4 Bxc3 12.Nxc3 O-O 13.e5 Ng4 14.Bg1 f6 15.Qxd7 Ngxe5
16.Qxe6+ Nf7 17.O-O-O Qxf4+ 18.Be3 Qb8 19.Qh3 Nce5 20.Be2 Qc8 21.Rhe1 Re8
22.b3 Qxh3 23.gxh3 Nf3 24.Bxf3 Bxf3 25.Rd4 Ne5 26.Bf2 Rad8 27.Kc2 Bh5 28.Nb5 a6
29.Nc7 Rxd4 30.Bxd4 Rd8 31.Bxe5 fxe5 32.Rxe5 Bg6+ 33.Kc1 Rd3 34.Nxa6 Rxh3
35.Re2 Rf3 36.Nc7 Bf7 37.Rd2 h5 38.Nd5 Bxd5 39.cxd5 Kf8 40.d6 Ke8 41.Kb2 Kd7
42.a4 g5 43.Rd5 Rf2+ 44.Kc3 Rxh2 45.Rxg5 Kxd6 46.Kb4 Re2 47.Rxh5 Kc6 48.Rh4 Re5
49.Kc3 Rg5 50.b4 Rf5 51.Kd4 Rg5 52.Ke4 Kc7 53.Rf4 Rh5 54.Kd4 Rg5 55.Rf7+ Kb8
56.Kc4 Rh5 57.Rd7 Kc8 58.Rd5 Rh7 59.Rf5 Rd7 60.Rf4 Kb7 61.Rh4 Kc6 62.Rh6+ Kb7
63.Re6 Rh7 64.Kd5 Rh5+ 65.Re5 Rh6 66.Re6 Rh5+ 67.Re5 Rh6 68.Re4 Rh5+ 69.Kd6 Rh6+
70.Kd7 Rh7+ 71.Re7 Rh4 72.Kd6+ Kb8 73.b5 Rxa4 74.Kc6  1/2-1/2

[Event "ISR-ch"]
[Site "?"]
[Date "1984.??.??"]
[Round "?"]
[White "Bruk, Ofer"]
[Black "Gruenfeld, Yehuda"]
[Result "1/2-1/2"]
[WhiteElo "2325"]
[BlackElo "2435"]

1.Nf3 Nf6 2.c4 e6 3.Nc3 c5 4.g3 Nc6 5.Bg2 d5 6.cxd5 Nxd5 7.O-O Be7 8.d4 O-O
9.Nxd5 exd5 10.dxc5 Bxc5 11.Qc2 Bb6 12.Ng5 g6 13.Qd2 Bd4 14.h4 h6 15.Nh3 Bxh3
16.Bxh3 Bg7 17.Bg2 d4 18.Rb1 Qb6 19.b4 Rad8 20.b5 Ne5 21.a4 a5 22.Ba3 Nc4
23.Qd3 Nxa3 24.Qxa3 Rfe8 25.Qf3 Re7 26.Rbc1 Qd6 27.Qd3 Qe6 28.Rc2 Rc8 29.Rxc8+ Qxc8
30.Bd5 Qc5 31.Qc4 Qxc4 32.Bxc4 b6 33.Rc1 Rc7 34.Rc2 h5 35.Bd3 Rc3 36.Rxc3 dxc3
37.Kf1 Kh7 38.Ke1 Kh6 39.e3 g5 40.hxg5+ Kxg5 41.Kd1 Bf8 42.Kc2 f6 43.Kxc3 Bb4+
44.Kd4 Be1 45.Ke4 Bxf2 46.Kf3 Be1 47.Kg2 Bb4 48.Be2  1/2-1/2

[Event "ISR-ch"]
[Site "?"]
[Date "1984.??.??"]
[Round "?"]
[White "Greenfeld, Alon"]
[Black "Bruk, Ofer"]
[Result "1-0"]
[WhiteElo "2470"]
[BlackElo "2325"]

1.c4 c5 2.Nf3 Nf6 3.Nc3 b6 4.e4 d6 5.d4 cxd4 6.Nxd4 Bb7 7.f3 g6 8.Be2 Bg7
9.O-O O-O 10.Be3 Nbd7 11.Rc1 Rc8 12.Qe1 Ne5 13.b3 Nc6 14.Nxc6 Bxc6 15.Qf2 Nd7
16.Rfd1 Nc5 17.b4 Na4 18.Nxa4 Bxa4 19.Rd3 Bc6 20.a4 Qc7 21.b5 Bd7 22.f4 f5
23.e5 dxe5 24.c5 exf4 25.Bxf4 e5 26.Be3 bxc5 27.Bxc5 Rfe8 28.Be3 Qb7 29.Rxc8 Rxc8
30.Bxa7 Ra8 31.Bc5 Rxa4 32.Bd1 Ra1 33.Qb2 Qe4 34.Qb3+ Kh8 35.Bf2 Bf8 36.Qf7 Bc5
37.Qf6+ Kg8 38.Qd8+ Kg7 39.Qxd7+ Kh6 40.Rh3+  1-0

[Event "ISR-ch"]
[Site "?"]
[Date "1984.??.??"]
[Round "?"]
[White "Murrey, Jacob"]
[Black "Kraidman, Yair"]
[Result "1-0"]
[WhiteElo "2435"]
[BlackElo "2410"]

1.c4 Nf6 2.Nc3 c5 3.Nf3 d5 4.cxd5 Nxd5 5.e4 Nb4 6.Bc4 e6 7.O-O Be7 8.d3 O-O
9.Bf4 a6 10.a3 N4c6 11.Ba2 Nd4 12.Nxd4 cxd4 13.Ne2 Nc6 14.Bg3 Bh4 15.f4 Bd7
16.Rc1 Rc8 17.Rc5 Bxg3 18.Nxg3 Qe7 19.Rh5 g6 20.Rh3 Kh8 21.e5 f5 22.exf6 Rxf6
23.Ne4 Rf7 24.Rhf3 Rcf8 25.Ng5 Rg7 26.Qe1 Nd8 27.Qe5 Qf6 28.Qd6 Bc6 29.Ne4 Bxe4
30.dxe4 Nc6 31.Qxe6 Qd8 32.Qh3 Qb6 33.R3f2 d3 34.Qxd3 Rxf4 35.Qd6 Rxf2 36.Rxf2 h5
37.g3 Kh7 38.Kg2 Qc7 39.Qxc7 Rxc7 40.Rc2 Re7 41.Bd5 Ne5 42.b4 Ng4 43.Kf3 Kg7
44.Rc8 Nxh2+ 45.Kf4 Ng4 46.Rb8 Nf6 47.Bxb7 Rf7 48.Ke3 Ng4+ 49.Kd4 Rf3 50.Bxa6 Rxg3
51.a4 h4 52.e5 h3 53.Bb7 h2 54.e6 Rb3 55.b5 Nf6 56.e7 Kf7 57.e8=Q+ Nxe8 58.Bd5+ Ke7
59.Rb7+ Kd8 60.Rh7 Rb4+ 61.Kc5 Rxa4 62.b6 Ra1 63.b7 Rb1 64.Be4 Rb3 65.Rh3 Rxh3
66.b8=Q+ Ke7 67.Qb7+ Kf8 68.Bd5 Rc3+ 69.Kd4 Rc7 70.Qb4+ Kg7 71.Ke3 Nf6 72.Bf3 g5
73.Kf2 Ra7 74.Qb2 Kg6 75.Qb1+ Kh6 76.Kg3 Ra6 77.Bg2 Ra4 78.Kxh2 Rf4 79.Qb6 Kg6
80.Kg3 Rg4+ 81.Kf2 Rf4+ 82.Ke3 Rh4 83.Bf1 Re4+ 84.Kd2 Rf4 85.Bd3+ Kh5 86.Qe6 Kh4
87.Bf5 Nh5 88.Qf7 g4 89.Qe7+ Kh3 90.Qh7 Kh4 91.Bg6 Rd4+ 92.Ke3 Rd5 93.Qe7+ Kh3
94.Bxh5 Rxh5 95.Kf4  1-0

[Event "Jajce (Women)"]
[Site "Jajce"]
[Date "1984.??.??"]
[Round "?"]
[White "Muresan, Margareta"]
[Black "Maksimovic, Suzana"]
[Result "1/2-1/2"]
[WhiteElo "2230"]
[BlackElo "2000"]

1.Nf3 Nf6 2.c4 c5 3.Nc3 e6 4.g3 b6 5.Bg2 Bb7 6.O-O Be7 7.d4 cxd4 8.Qxd4 d6
9.Bg5 a6 10.Bxf6 Bxf6 11.Qd3 Be7 12.Rfd1 O-O 13.Ng5 Bxg5 14.Bxb7 Ra7 15.Bf3 Be7
16.Rac1 Nd7 17.Qd4 Qb8 18.b3 Rd8 19.Qe3 b5 20.cxb5 axb5 21.Nxb5 Rxa2 22.Nd4 Ne5
23.Be4 Bf6 24.Bb1 Ra8 25.Qe4 g6 26.h4 h5 27.Qf4 Bg7 28.Be4  1/2-1/2

[Event "Jajce (Women)"]
[Site "Jajce"]
[Date "1984.??.??"]
[Round "?"]
[White "Nutu Gajic, Dana"]
[Black "Markovic, Gordana"]
[Result "1-0"]
[WhiteElo "2165"]
[BlackElo "2160"]

1.Nf3 Nf6 2.c4 c5 3.Nc3 b6 4.e4 d6 5.d4 cxd4 6.Nxd4 Bb7 7.Bd3 e6 8.O-O Be7
9.f4 O-O 10.Kh1 Nc6 11.Nxc6 Bxc6 12.e5 Ne8 13.Qe2 g6 14.b3 Qc7 15.Bb2 Ng7
16.Be4 f5 17.Nb5 Qd7 18.Bxc6 Qxc6 19.exd6 Bf6 20.Bxf6 Rxf6 21.Qe5 Rf7 22.Rad1 Rd8
23.Nc7 Ne8 24.Nxe6 Rxd6 25.Nd8 Qd7 26.Rxd6 Nxd6 27.Nxf7 Nxf7 28.Qd5 Qe7 29.Rd1 Qe3
30.Qd2 Qc5 31.h3  1-0

[Event "JUG-ch"]
[Site "?"]
[Date "1984.??.??"]
[Round "11"]
[White "Cebalo, Miso"]
[Black "Rajkovic, Dusan"]
[Result "1/2-1/2"]
[WhiteElo "2485"]
[BlackElo "2440"]

1.Nf3 Nf6 2.c4 c5 3.Nc3 b6 4.g3 e6 5.Bg2 Bb7 6.O-O Be7 7.d4 cxd4 8.Qxd4 d6
9.Rd1 a6 10.b3 O-O 11.Bb2 Nbd7 12.Qe3  1/2-1/2